000 00777cam a22002537a 4500
001 002178
003 armpunfd
005 20140612090701.0
008 081118e0####xx#a##########000#0#und#d
040 _aarmpunfd
_carmpunfd
080 _a343.53 D 938
100 1 0 _a Durrieu, Roberto Jr. ( Coordinador)
245 1 0 _aBusiness crimes in argentina y latin america
260 _a Uenos Aires : Ad- Hoc
_b2008. Isbn : 978-950-894-691-1. 224 P.
650 7 _a Corrupcion
_2LEMB
650 7 _a Delitos
_2LEMB
650 7 _a Empresas
_2LEMB
650 7 _a Fraude Corporativo
_2LEMB
650 7 _a Ley 24.769
_2LEMB
650 7 _a Procedimiento Penal Administrativo
_2LEMB
650 7 _a Terrorismo Financiero
_2LEMB
942 _cLB
_2cdu
945 _aCatalis
_d2010-08-19
999 _c2168
_d232672